000
00212 a2200097 4500
001
32721
100
_a
Russell, B
245
_a
Portraits from memory
260
_a
London
_b
G A & Unwing
_c
090
_c
21920
_d
21920
942
_a
NUST-CAE
_c
M
_c
13248
999
_c
267794
_d
267794